Understanding health inequalities (Record no. 85598)

MARC details
000 -LEADER
fixed length control field 00850nam a2200253Ia 4500
008 - FIXED-LENGTH DATA ELEMENTS--GENERAL INFORMATION
fixed length control field 191130s2008##################000#0#eng##
020 ## - INTERNATIONAL STANDARD BOOK NUMBER
ISBN 9780335234592
082 ## - DEWEY DECIMAL CLASSIFICATION NUMBER
Classification number 362.10420941 GRA
245 ## - TITLE STATEMENT
Title Understanding health inequalities
Statement of responsibility, etc edited by Kevin Dew and Anna Matheson
260 ## - PUBLICATION, DISTRIBUTION, ETC. (IMPRINT)
Place of publication Maidenhead
Name of publisher Open University Press
Year of publication 2008
300 ## - PHYSICAL DESCRIPTION
Number of Pages 248 p. : ill. ; 23 cm
500 ## - GENERAL NOTE
General note Includes bibliographical references (p. 217-248)
650 ## - SUBJECT ADDED ENTRY--TOPICAL TERM
Topical Term Health status indicators - New Zealand
Topical Term Maori (New Zealand people) - Health and hygiene
Topical Term Maori (New Zealand people) - Social conditions
Topical Term Public health - New Zealand
700 ## - ADDED ENTRY--PERSONAL NAME
Personal name Dew, Kevin
Personal name Matheson, Anna
991 ## -
-- 361635
Holdings
Withdrawn status Lost status Damaged status Not for loan Home library Current library Shelving location Date acquired Full call number Accession Number Price effective from Koha item type
        Anna Centenary Library Anna Centenary Library 4TH FLOOR, A WING 09.10.2020 362.10420941 GRA 254874 09.10.2020 English Books

Find us on the map